| 000 | 00760nam a22002417a 4500 | ||
|---|---|---|---|
| 001 | 8814 | ||
| 003 | FISKH | ||
| 005 | 20251021160953.0 | ||
| 008 | 251021b cb ||||| |||| 00| 0 eng d | ||
| 020 | _a043512160X | ||
| 040 |
_aFISKH _beng _cFISKH _dFISKH |
||
| 050 | _aPZ7.S726 A | ||
| 082 | _a823 | ||
| 100 | _aSouthall, Ivan | ||
| 245 |
_aAsh road / _cBy Ivan Southall |
||
| 260 |
_aLondon : _bHeinemann Educational Books , _c1965. |
||
| 300 |
_a171 pages : _bcolor illustrations ; _c19 cm . |
||
| 520 | _aA raging fire spreading in the Australian bush cuts off the escape of the children and two old men entrusted to their care. | ||
| 650 |
_aBushfire _vFiction |
||
| 700 |
_aSeale, Clem _eIllustrator |
||
| 942 |
_2ddc _cBK _n0 |
||
| 999 |
_c8814 _d8814 |
||